Sbornik zadač po atomnoj fizike /
Uložené v:
| Hlavný autor: | |
|---|---|
| Médium: | Kniha |
| Jazyk: | Russian |
| Vydané: |
Moskva :
Atomizdat,
1959.
|
| ISBN: |
(brož.) |
| Fyzický popis: |
150 strán : tabuľku. |
| Tagy: |
Pridať tag
Žiadne tagy, Buďte prvý kto otaguje tento záznam!
|
Titul je dostupný aj v ... 

MARC
| LEADER | 00000nam a22000002a 4500 | ||
|---|---|---|---|
| 001 | 000587708 | ||
| 005 | 20180711172807.0 | ||
| 008 | 121108s1959 ru l e 000 0 rus d | ||
| 020 | |a (brož.) |c Kčs 4,50 | ||
| 040 | |a SVKKK |b slo |c SVKKK |e AACR2 | ||
| 041 | 0 | |a rus | |
| 044 | |a ru |c RU | ||
| 100 | 1 | |a Irodov, Igor' Jevgen'jevič |4 aut | |
| 245 | 1 | 0 | |a Sbornik zadač po atomnoj fizike / |c Igor´ Jevgen´jevič Irodov. |
| 260 | |a Moskva : |b Atomizdat, |c 1959. | ||
| 300 | |a 150 strán : |b tabuľku. | ||
| 910 | |a svkkk | ||
| 998 | |a BK | ||
| 090 | |g SCKHL |k Sklad Pribinova 2. posch. |a III.79684 |j 196746 |i 2720551149 |4 Zastaraná |s Vyradená | ||